A lámpagyújtogató

Bibliographic Details
Main Author: Végh, Péter, 1954- (Author)
Other Authors: Bartusz, Juraj, 1933-2025 (Illustrator)
Format: Article
Language:Hungarian
PhysicalDescription:Obr.
ISSN:1336-5088
Subjects:

MARC

LEADER 00000nab a2200000 ar4500
001 vtls008836044
003 SK-MaSNL
005 20260304224434.0
008 060803c2006 xo |||||||| |000 b|hun
015 |a SNBRB2006/08  |2 snkbucl 
038 |a SNKBUCL 
040 |a DSZK  |b slo  |c DSZK  |e AACR2 
041 0 |a hun 
044 |a xo  |c SK 
080 |a 821.511.141 (437.6)-32=511.141  |2 1997 
100 1 |a Végh, Péter,  |d 1954-  |4 aut  |9 537227 
245 1 0 |a A lámpagyújtogató  |c Végh Péter ; illusztrálta Bartusz György 
300 |b Obr. 
650 0 7 |a psychologické poviedky, maďarské  |2 snkbucl  |9 71096 
700 1 |a Bartusz, Juraj,  |d 1933-2025  |4 ill  |9 14723 
773 0 |t Irodalmi szemle  |g Évf. XLIX, sz. 7 (2006), o. 59-62  |x 1336-5088 
852 |a SNK  |b KIS3GCP 
852 |a DSZK  |b KIS3GCP 
958 |a HU 
958 |a SK 
958 |a LX 
999 |c 3172021  |d 3173951